Zhodnotenie procesu výberu a formulácie manažérskej stratégie v podniku bakalárska práca

Gespeichert in:
Bibliographische Detailangaben
1. Verfasser: Šesták, Tibor
Körperschaft: Podnikovohospodárska fakulta EU so sídlom v Košiciach. Katedra manažmentu
Weitere Verfasser: Pešáková, Petra, 1984-
Format: Buch
Sprache:Slowakisch
Veröffentlicht: Košice 2012
Tags: Tag hinzufügen
Keine Tags, Fügen Sie das erste Tag hinzu!

MARC

LEADER 00000nbm a2200000 4500
001 0155531
005 20161109111858.2
041 0 |a slo 
044 |a SK 
245 1 0 |a Zhodnotenie procesu výberu a formulácie manažérskej stratégie v podniku  |b bakalárska práca  |c Tibor Šesták ; školiteľ: Petra Szaryszová 
264 1 |a Košice  |c 2012 
300 |a 40 s. 
100 1 |a Šesták, Tibor 
700 1 |a Pešáková, Petra, 1984- 
710 2 |a Podnikovohospodárska fakulta EU so sídlom v Košiciach. Katedra manažmentu